Nivel de la economía (Registro nro. 8629)

Detalles MARC
000 -LEADER
fixed length control field 00869nas a2200265 454500
001 - CONTROL NUMBER
control field 27940
005 - DATE AND TIME OF LATEST TRANSACTION
control field 20260407193507.0
008 - FIXED-LENGTH DATA ELEMENTS--GENERAL INFORMATION
fixed length control field 260407s1979####ag###########|||spa#d
003 - CONTROL NUMBER IDENTIFIER
control field AR-UNSa-BCEJYS
040 ## - CATALOGING SOURCE
Original cataloging agency AR-UNSa-BCEJYS
Language of cataloging spa
Transcribing agency AR-UNSa-BCEJYS
080 ## - UNIVERSAL DECIMAL CLASSIFICATION NUMBER
Universal Decimal Classification number 330(82)
Common auxiliary subdivision Economia Argentina
022 ## - INTERNATIONAL STANDARD SERIAL NUMBER
International Standard Serial Number 0325-8378
100 1# - MAIN ENTRY--PERSONAL NAME
Personal name Fundación para el Análisis de la Situación Económica y Social (FASES)
245 10 - TITLE STATEMENT
Title Nivel de la economía
264 #1 - PRODUCTION, PUBLICATION, DISTRIBUTION, MANUFACTURE, AND COPYRIGHT NOTICE
Place of production, publication, distribution, manufacture Buenos Aires :
Name of producer, publisher, distributor, manufacturer FASES
Date of production, publication, distribution, manufacture, or copyright notice 1979
310 ## - CURRENT PUBLICATION FREQUENCY
Current publication frequency Frecuencia: Mensual
590 ## - LOCAL NOTE (RLIN)
Local note niveau_biblio:s niveau_hierar:1
650 ## - SUBJECT ADDED ENTRY--TOPICAL TERM
Topical term or geographic name entry element Recesión económica
650 ## - SUBJECT ADDED ENTRY--TOPICAL TERM
Topical term or geographic name entry element Inflación
650 ## - SUBJECT ADDED ENTRY--TOPICAL TERM
Topical term or geographic name entry element Condiciones económicas
650 ## - SUBJECT ADDED ENTRY--TOPICAL TERM
Topical term or geographic name entry element Política económica
650 ## - SUBJECT ADDED ENTRY--TOPICAL TERM
Topical term or geographic name entry element ECONOMIA
856 41 - ELECTRONIC LOCATION AND ACCESS
Uniform Resource Identifier <a href="https://biblioeco.unsa.edu.ar/pmb/images/revistas/Nivel de la Economia-r13538.jpg">https://biblioeco.unsa.edu.ar/pmb/images/revistas/Nivel de la Economia-r13538.jpg</a>
Link text Imagen de portada
Electronic format type image/jpeg
942 ## - ADDED ENTRY ELEMENTS (KOHA)
Koha item type
Existencias
Withdrawn status Lost status Damaged status Not for loan Home library Current library Shelving location Date acquired Serial enumeration / chronology Total checkouts Full call number Barcode Date last seen Price effective from Koha item type
        Biblioteca Prof. Eusebio Cleto del Rey Biblioteca Prof. Eusebio Cleto del Rey   01/01/1981 Año 2, Nº 18 - ene. 1981   H330(82) NIV 18 R13550 10/04/2026 10/04/2026 Numero
        Biblioteca Prof. Eusebio Cleto del Rey Biblioteca Prof. Eusebio Cleto del Rey   01/12/1980 Año 2, Nº 17 - dic. 1980   H330(82) NIV 17 R13549 10/04/2026 10/04/2026 Numero
        Biblioteca Prof. Eusebio Cleto del Rey Biblioteca Prof. Eusebio Cleto del Rey   01/10/1980 Año 2, Nº 15 - oct. 1980   H330(82) NIV 15 R13548 10/04/2026 10/04/2026 Numero
        Biblioteca Prof. Eusebio Cleto del Rey Biblioteca Prof. Eusebio Cleto del Rey   01/09/1980 Año 2, Nº 14 - sep. 1980   H330(82) NIV 14 R13547 10/04/2026 10/04/2026 Numero
        Biblioteca Prof. Eusebio Cleto del Rey Biblioteca Prof. Eusebio Cleto del Rey   01/08/1980 Año 2, Nº 13 - ago. 1980   H330(82) NIV 13 R13546 10/04/2026 10/04/2026 Numero
        Biblioteca Prof. Eusebio Cleto del Rey Biblioteca Prof. Eusebio Cleto del Rey   01/07/1980 Año 2, Nº 12 - jul. 1980   H330(82) NIV 12 R13545 10/04/2026 10/04/2026 Numero
        Biblioteca Prof. Eusebio Cleto del Rey Biblioteca Prof. Eusebio Cleto del Rey   01/04/1980 Año 1, Nº 9 - abr. 1980   H330(82) NIV 9 R13544 10/04/2026 10/04/2026 Numero
        Biblioteca Prof. Eusebio Cleto del Rey Biblioteca Prof. Eusebio Cleto del Rey   01/03/1980 Año 1, Nº 8 - mar. 1980   H330(82) NIV 8 R13543 10/04/2026 10/04/2026 Numero
        Biblioteca Prof. Eusebio Cleto del Rey Biblioteca Prof. Eusebio Cleto del Rey   01/01/1980 Año 1, Nº 7 - ene. 1980   H330(82) NIV 7 R13542 10/04/2026 10/04/2026 Numero
        Biblioteca Prof. Eusebio Cleto del Rey Biblioteca Prof. Eusebio Cleto del Rey   01/12/1979 Año 1, Nº 6 - dic. 1979   H330(82) NIV 6 R13541 10/04/2026 10/04/2026 Numero
        Biblioteca Prof. Eusebio Cleto del Rey Biblioteca Prof. Eusebio Cleto del Rey   01/11/1979 Año 1, Nº 5 - nov. 1979   H330(82) NIV 5 R13540 10/04/2026 10/04/2026 Numero
        Biblioteca Prof. Eusebio Cleto del Rey Biblioteca Prof. Eusebio Cleto del Rey   01/09/1979 Año 1, Nº 3 - sep. 1979   H330(82) NIV 3 R13539 10/04/2026 10/04/2026 Numero
        Biblioteca Prof. Eusebio Cleto del Rey Biblioteca Prof. Eusebio Cleto del Rey   01/08/1979 Año 1, Nº 2 - ago. 1979   H330(82) NIV 2 R13538 10/04/2026 10/04/2026 Numero
        Biblioteca Prof. Eusebio Cleto del Rey Biblioteca Prof. Eusebio Cleto del Rey   01/07/1979 Año 1, Nº 1 - jul. 1979   H330(82) NIV 1 R13536 10/04/2026 10/04/2026 Numero